[Event "WY Boys-U10"]
[Site "Porto Carras GRE"]
[Date "2010.10.26"]
[Round "7.5"]
[White "Nigmatov, Ortik"]
[Black "Djordjevic, Vuk"]
[Result "1/2-1/2"]
[WhiteElo "1890"]
[BlackElo "1826"]
[WhiteFideId "14202131"]
[BlackFideId "902098"]
[EventDate "2010.10.20"]

1. e4 d5 2. exd5 Nf6 3. d4 Nxd5 4. Nf3 g6 5. Be2 Bg7 6. O-O O-O 7. c4 Nb6 8. Be3
Bf5 9. Nbd2 Nc6 10. Nb3 Nb4 11. Ne1 a5 12. a3 Nc6 13. Nf3 Bg4 14. d5 Bxf3 15.
Bxf3 Ne5 16. Bxb6 cxb6 17. Be2 Rc8 18. Rc1 Nd7 19. Rc2 Nf6 20. Nd4 Qc7 21. Nb5
Qc5 22. Bd3 Nd7 23. Qe2 Ra8 24. b4 axb4 25. axb4 Qc8 26. f4 Qb8 27. Qe3 Qd8 28.
Rd1 Nf6 29. Be2 Ne8 30. c5 Ra1 31. Rd2 Rxd1+ 32. Rxd1 bxc5 33. bxc5 Nc7 34. d6
Nxb5 35. Bxb5 exd6 36. cxd6 Bf6 37. d7 Qa5 38. Qd3 Qb4 39. Bc4 Kg7 40. Kh1 Qc5
41. h3 h5 42. Re1 Rd8 43. Bb5 Qb4 44. Re4 Qc5 45. Kh2 Qf5 46. g3 Qc5 47. Kg2 Ra8
48. Bc4 Rd8 49. Bb5 Ra8 50. Bc4 Rd8 51. g4 hxg4 52. hxg4 Bh4 53. Qc3+ 1/2-1/2

[Event "WY Boys-U10"]
[Site "Porto Carras GRE"]
[Date "2010.10.28"]
[Round "9.9"]
[White "Gholami, Aryan"]
[Black "Panchanatham, Vignesh"]
[Result "0-1"]
[WhiteTitle "FM"]
[WhiteElo "1902"]
[BlackElo "1803"]
[WhiteFideId "12513342"]
[BlackFideId "2060523"]
[EventDate "2010.10.20"]

1. e4 c5 2. c3 e6 3. d4 d5 4. exd5 exd5 5. Nf3 Nc6 6. Bb5 Bd6 7. dxc5 Bxc5 8.
O-O Ne7 9. Nbd2 O-O 10. Nb3 Bd6 11. Bd3 h6 12. h3 Nf5 13. Re1 a6 14. Bc2 Bc7 15.
Qd3 g6 16. Nbd4 Qf6 17. Nxf5 Bxf5 18. Qd1 Bxc2 19. Qxc2 g5 20. Qb3 Rae8 21. Bd2
Ne5 22. Nxe5 Rxe5 23. Be3 Qd6 24. g3 Rfe8 25. Qc2 Bb6 26. Qd2 Bxe3 27. fxe3 Re4
28. Qf2 Qb6 29. Rad1 Rxe3 30. Rxe3 Rxe3 31. Rxd5 Rxg3+ 32. Kf1 Qxf2+ 33. Kxf2
Rxh3 34. Kg2 Re3 35. Kf2 Re6 36. c4 Kg7 37. c5 Kg6 38. Rd7 b6 0-1

[Event "WY Boys-U10"]
[Site "Porto Carras GRE"]
[Date "2010.10.29"]
[Round "10.9"]
[White "Haring, Viktor"]
[Black "Kazakovskiy, Valeriy"]
[Result "0-1"]
[WhiteElo "1893"]
[BlackElo "1750"]
[WhiteFideId "14919400"]
[BlackFideId "13507443"]
[EventDate "2010.10.20"]

1. e4 e6 2. d4 d5 3. Nd2 c5 4. exd5 exd5 5. Ngf3 Nc6 6. Bb5 Bd6 7. dxc5 Bxc5 8.
O-O Ne7 9. c4 a6 10. cxd5 Nxd5 11. Bxc6+ bxc6 12. Qc2 Qb6 13. Nc4 Qc7 14. Nce5
Qb6 15. Re1 O-O 16. Nc4 Qa7 17. a3 a5 18. Ng5 g6 19. Ne3 Bd6 20. Ne4 Be7 21.
Qxc6 Bb7 22. Qb5 Nf4 23. Ng4 Nd5 24. Nh6+ Kg7 25. Qe2 f5 26. Nc3 Bf6 27. Nxd5
Bxd5 28. Rd1 Rfe8 29. Qb5 Rad8 30. Be3 Qb7 31. Qxb7+ Bxb7 32. Rxd8 Rxd8 33. g4
Bf3 34. gxf5 g5 0-1